000 00875nam a2200241 a 4500
001 39043
003 BD-RjUL
005 20211209052914.0
008 160404s2010 bg ||||e |||| 00| 0 ben d
020 _a9840748904:
_cTk.100.00
035 _a(BD-RjUL)39154
040 _aBD-RjUL
_bben
_cBD-RjUL
041 _aben
082 _223
_a491.25
_bTAV 2010
100 _aতরফদার, ধীরেন্দ্রনাথ
_9120517
245 _aবৈদিক ব্যাকরণ /
_cধীরেন্দ্রনাথ তরফদার
260 _aঢাকা :
_bবাংলা একাডেমী,
_c২০১০
300 _a[৬] ১৩৬ পৃ.;
_c২১সে.মি.
504 _aগ্রন্থপঞ্জি সম্বলিত
650 _aবৈদিক বাকরণ
_9120518
650 _aVedic Grammar
_9120519
942 _2ddc
_cBK
_03
999 _c39043
_d39043